LEADER 00996nam0-22003371i-450- 001 990007957330403321 005 20080605094115.0 010 $a88-430-2234-2 035 $a000795733 035 $aFED01000795733 035 $a(Aleph)000795733FED01 035 $a000795733 100 $a20041123d2002----km-y0itay50------ba 101 0 $aita 102 $aIT 105 $aa---a---001yy 200 1 $aLavorare con la famiglia$eosservazioni e tecniche di intervento psicoanalitico$fAnna Maria Nicolò, A. Francesca Zampino 210 $aRoma$cCarocci$dc2002 215 $a189 p.$d22 cm 225 1 $aUniversità$iPsicologia$v391 610 0 $aFamiglia$aPsicologia$aPsicoterapia 676 $a158.2 700 1$aNicolò,$bAnna Maria$0388559 701 1$aZampino,$bA. Francesca$0496334 801 0$aIT$bUNINA$gRICA$2UNIMARC 901 $aBK 912 $a990007957330403321 952 $aP.1 PSV 254$fFLFBC 959 $aFLFBC 996 $aLavorare con la famiglia$9746636 997 $aUNINA LEADER 01124nam0-2200265---450 001 9910885400003321 005 20240916122256.0 100 $a20240916d1840----km-y0itay50------ba 101 0 $ager 102 $aDE 105 $ayf------001yy 200 1 $aLithurgik uber Mineralien und Felsarten nach ihrer Anwendung in ökonomischer, artistischer und technischer hinsicht systematisch abgehandelt$fvon J. Reinhard Blum 210 $aStuttgart$cE. Schveizerbart's$d1840 215 $aVI, 501 p., 3 c. di tav.$d21 cm 610 0 $aMinerali 676 $a549$v20$zita 700 1$aBlum,$bReinhard J.$0793933 801 0$aIT$bUNINA$gREICAT$2UNIMARC 856 4 $zVisualizza la versione elettronica in SBNWeb$uhttps://books.google.it/books?id=DqdI8_ALm_IC&printsec=frontcover&hl=it&source=gbs_ge_summary_r&cad=0#v=onepage&q&f=false$e20240916 901 $aBK 912 $a9910885400003321 952 $aM 1 III 17$b25445$fNAP14 959 $aNAP14 996 $aLithurgik uber Mineralien und Felsarten nach ihrer Anwendung in ökonomischer, artistischer und technischer hinsicht systematisch abgehandelt$94266492 997 $aUNINA